[Event "GER-chT WK U18 4th"]
[Site "Kiel"]
[Date "2008.06.01"]
[Round "4.3"]
[White "Krueger, Malte"]
[Black "Klemm, Lisa Marie"]
[Result "0-1"]
[WhiteElo "800"]
[BlackElo "993"]
[PlyCount "63"]
[EventDate "2008.05.31"]
[EventType "team-swiss"]
[EventRounds "7"]
[EventCountry "GER"]
[SourceTitle "EXT 2010"]
[Source "ChessBase"]
[SourceDate "2010.11.25"]
[SourceVersion "1"]
[SourceVersionDate "2010.11.25"]
[SourceQuality "1"]

1. e4 e5 2. Nf3 Nc6 3. Nc3 Bc5 4. g3 Nf6 5. Bg2 d6 6. 0-0 Bg4 7. h3 Be6 8. b3 d5 9. exd5 Nxd5 10. Ne1 Nce7 11. Nd3 Bd4 12. Bb2 Qd7 13. Kh2 0-0 14. Qh5 f5 15. f3 Bf7 16. Qh4 Ng6 17. Qg5 h6 18. Qh5 Nge7 19. Qh4 g5 20. Qxh6 Bg6 21. Qxg5 Kh7 22. f4 e4 23. Nf2 Bf6 24. Nxd5 Bxg5 25. fxg5 Nxd5 26. Rh1 Rae8 27. g4 e3 28. Nd3 Qd6+ 29. Kg1 Nf4 30. Be5 Rxe5 31. Nxe5 Qxe5 32. Re1 0-1

[Event "GER-chT WK U18 4th"]
[Site "Kiel"]
[Date "2008.05.31"]
[Round "2.3"]
[White "Klemm, Lisa Marie"]
[Black "Sander, Jean Louis"]
[Result "0-1"]
[WhiteElo "993"]
[BlackElo "1126"]
[PlyCount "54"]
[EventDate "2008.05.31"]
[EventType "team-swiss"]
[EventRounds "7"]
[EventCountry "GER"]
[SourceTitle "EXT 2010"]
[Source "ChessBase"]
[SourceDate "2010.11.25"]
[SourceVersion "1"]
[SourceVersionDate "2010.11.25"]
[SourceQuality "1"]

1. e4 c5 2. Nc3 d6 3. d3 Nf6 4. g3 Nc6 5. Bg2 e6 6. f4 Be7 7. Nf3 0-0 8. Be3 a6 9. a4 Qb6 10. Rb1 Ng4 11. Bc1 c4 12. d4 e5 13. Nd5 Qa5+ 14. Bd2 Qd8 15. h3 Nf6 16. Be3 Nxe4 17. Nxe7+ Qxe7 18. fxe5 dxe5 19. dxe5 Rd8 20. Qc1 Nxg3 21. Rg1 Nxe5 22. Nxe5 Qxe5 23. Kf2 Nf5 24. Re1 Qg3+ 25. Kf1 Nh4 26. Re2 Nxg2 27. Rxg2 Bxh3 0-1

[Event "GER-ch U10"]
[Site "Willingen"]
[Date "2006.06.05"]
[Round "4"]
[White "Schulze, Tabea"]
[Black "Klemm, Lisa Marie"]
[Result "1-0"]
[WhiteElo "869"]
[BlackElo "795"]
[PlyCount "73"]
[EventDate "2006.06.04"]
[EventType "swiss"]
[EventRounds "11"]
[EventCountry "GER"]
[SourceTitle "EXT 2007"]
[Source "ChessBase"]
[SourceDate "2006.11.23"]
[SourceVersion "1"]
[SourceVersionDate "2006.11.23"]
[SourceQuality "1"]

1. e4 e5 2. Nf3 Nc6 3. Bc4 Bc5 4. c3 Nf6 5. d4 exd4 6. cxd4 Bb4+ 7. Nc3 0-0 8. e5 Ne4 9. Qc2 Nxc3 10. bxc3 Be7 11. 0-0 b6 12. Qd3 a6 13. Bb3 g6 14. Qd2 Re8 15. Qh6 Bf8 16. Qh3 Bb7 17. Bd5 a5 18. Ng5 h6 19. Nxf7 Qb8 20. Bxh6 Re7 21. Qg4 Rxf7 22. Qxg6+ Kh8 23. Bxf7 Ne7 24. Qf6+ Kh7 25. Rfe1 Bxh6 26. Qxe7 Qh8 27. d5 Qg7 28. Rad1 c6 29. Rd3 cxd5 30. Rg3 Qxg3 31. fxg3 Bg7 32. Re3 Bf8 33. Rf3 Bh6 34. g4 Kg7 35. Qf6+ Kh7 36. Qg6+ Kh8 37. Qxh6# 1-0

[Event "GER-ch U10"]
[Site "Willingen"]
[Date "2006.06.04"]
[Round "2"]
[White "Klemm, Lisa Marie"]
[Black "Spiegelberg, Silvia"]
[Result "0-1"]
[WhiteElo "795"]
[BlackElo "1046"]
[PlyCount "62"]
[EventDate "2006.06.04"]
[EventType "swiss"]
[EventRounds "11"]
[EventCountry "GER"]
[SourceTitle "EXT 2007"]
[Source "ChessBase"]
[SourceDate "2006.11.23"]
[SourceVersion "1"]
[SourceVersionDate "2006.11.23"]
[SourceQuality "1"]

1. e4 e5 2. Nf3 Nc6 3. Bc4 Nf6 4. Nc3 Bc5 5. d3 0-0 6. Bg5 d6 7. h3 h6 8. Bh4 Be6 9. Bb3 Bxb3 10. axb3 Re8 11. Nd5 g5 12. Bg3 Nxd5 13. exd5 Nd4 14. Nxd4 exd4+ 15. Qe2 Rxe2+ 16. Kxe2 Qe7+ 17. Kf1 Re8 18. c3 Qe2+ 19. Kg1 Qxb2 20. Rf1 Qxc3 21. f3 Qxd3 22. b4 Bxb4 23. Bf2 Qc3 24. Kh2 d3 25. Rc1 Qb2 26. Rhf1 Bc5 27. Bxc5 dxc5 28. Rb1 Qd4 29. g4 Re2+ 30. Kh1 Qf4 31. Rxb7 Qh2# 0-1